Beni Immobili (Record no. 122243)
[ view plain ]
| 000 -LEADER | |
|---|---|
| fixed length control field | 02791nam a22003253i 4500 |
| 001 - CONTROL NUMBER | |
| control field | BDZ0038569978 |
| 003 - CONTROL NUMBER IDENTIFIER | |
| control field | StDuBDS |
| 005 - DATE AND TIME OF LATEST TRANSACTION | |
| control field | 20260203115350.0 |
| 007 - PHYSICAL DESCRIPTION FIXED FIELD--GENERAL INFORMATION | |
| fixed length control field | cr|||||||||||| |
| 008 - FIXED-LENGTH DATA ELEMENTS--GENERAL INFORMATION | |
| fixed length control field | 181206s2018 enk go 000|0|ita d |
| 020 ## - INTERNATIONAL STANDARD BOOK NUMBER | |
| International Standard Book Number | 9781547550715 |
| 040 ## - CATALOGING SOURCE | |
| Original cataloging agency | StDuBDS |
| Language of cataloging | eng |
| Description conventions | rda |
| Transcribing agency | StDuBDS |
| 072 #7 - SUBJECT CATEGORY CODE | |
| Subject category code | VSB |
| Source | bicssc |
| 072 #7 - SUBJECT CATEGORY CODE | |
| Subject category code | ADR |
| Source | ukslc |
| 072 #7 - SUBJECT CATEGORY CODE | |
| Subject category code | VSB |
| Source | thema |
| 100 1# - MAIN ENTRY--PERSONAL NAME | |
| Personal name | Ruano, Tony |
| Relator term | author. |
| 245 10 - TITLE STATEMENT | |
| Title | Beni Immobili |
| Remainder of title | manuale pratico di acquisto, vendita e amministrazione |
| 264 #1 - PRODUCTION, PUBLICATION, DISTRIBUTION, MANUFACTURE, AND COPYRIGHT NOTICE | |
| Place of production, publication, distribution, manufacture | California, |
| Name of producer, publisher, distributor, manufacturer | Babelcube Inc., |
| Date of production, publication, distribution, manufacture, or copyright notice | 2018. |
| 300 ## - PHYSICAL DESCRIPTION | |
| Extent | 1 online resource |
| 336 ## - CONTENT TYPE | |
| Content type term | text |
| Source | rdacontent |
| 337 ## - MEDIA TYPE | |
| Media type term | unmediated |
| Source | rdamedia |
| 338 ## - CARRIER TYPE | |
| Carrier type term | volume |
| Source | rdacarrier |
| 366 ## - TRADE AVAILABILITY INFORMATION | |
| Detailed date of publication | 20180923 |
| Availability status code | In stock |
| 520 8# - SUMMARY, ETC. | |
| Summary, etc. | Quello che vi viene offerto in questo libro, e una selezione dei migliori articoli pubblicati, nel corso degli anni, nei giornali: "Diario Las America" e "El Nuevo Herald", entrambi di Miami, Florida, e "La Opinion", di Los Angeles, California. Sono stati trasmessi anche, in forma cibernetica, attraverso le pagine di Internet di "El Nuevo Herald", "La Opinion" e il portale di "Univision.com" Queste colonne furono scritte senza alcuna pretesa letteraria, in forma leggera e piacevole, con linguaggio semplice e comprensibile, come lo richiede la stampa; ma senza sacrificare il messaggio, il consiglio e l'insegnamento al lettore. I temi che contiene questa opera includono commenti riguardanti l'acquisto, la vendita e la locazione di propriet il finanziamento, le assicurazioni e imposte vincolate dei beni immobili. Versa, in oltre, sui temi come le associazioni di proprietari, gruppi abitativi, temi legali e tipici di varia indole, includendo una profonda e attenta analisi degli investimenti in propriet immobiliari. Senza pretendere di essere una guida universale, l'insegnamento di questo libro, basato sull'esperienza accumulata durante gli anni, nell'esercizio quotidiano della professione, fornisce una linea guida per allontanarsi da errori costosi e offre al pubblico lettore un valido strumento, per essere utilizzato, ogni giorno, nel settore immobiliare. Utile, tanto per acquisire nuove conoscenze, come per riaffermare quelle gi ottenute, questa pubblicazione orientata a servire tanto a chi comprano la loro prima casa, quanto all'investitore esperto. Per la diversit dei suoi argomenti pu anche essere utilizzata come manuale o libro di consulto per professionisti laureati di recente, cos come per chi ha gi sperimentato nella professione. Chiunque legga quest |
| 546 ## - LANGUAGE NOTE | |
| Language note | Italian |
| 650 #7 - SUBJECT ADDED ENTRY--TOPICAL TERM | |
| Topical term or geographic name entry element | REAL ESTATE |
| 650 #7 - SUBJECT ADDED ENTRY--TOPICAL TERM | |
| Topical term or geographic name entry element | EBOOK |
| 856 40 - ELECTRONIC LOCATION AND ACCESS | |
| Uniform Resource Identifier | <a href="https://www.vlebooks.com/product/openreader?id=RICS&accId=9491556&isbn=9781547550715">https://www.vlebooks.com/product/openreader?id=RICS&accId=9491556&isbn=9781547550715</a> |
| Public note | Available via Vlebooks (email [email protected] if you do not have a login) |
| 942 ## - ADDED ENTRY ELEMENTS (KOHA) | |
| Source of classification or shelving scheme | Dewey Decimal Classification |
No items available.